[Event "Collado Villalba op-A 26th"]
[Site "Collado Villalba"]
[Date "2009.08.28"]
[Round "8"]
[White "Gordillo Lopez, Manuel"]
[Black "Martinez de Miguel, Pedro"]
[Result "0-1"]
[WhiteElo "1988"]
[BlackElo "2163"]
[PlyCount "68"]
[EventDate "2009.08.21"]
[EventType "swiss"]
[EventRounds "9"]
[EventCountry "ESP"]
[SourceTitle "CBM 132 Extra"]
[Source "ChessBase"]
[SourceDate "2009.11.03"]
[SourceVersion "1"]
[SourceVersionDate "2009.11.03"]
[SourceQuality "1"]

1. d4 Nf6 2. Bg5 Ne4 3. Bf4 c5 4. f3 Qa5+ 5. c3 Nf6 6. d5 d6 7. e4 g6 8. Na3 Nbd7 9. Nc4 Qc7 10. a4 Bg7 11. g4 0-0 12. Ne2 Nb6 13. Ng3 Nfd7 14. h4 Nxc4 15. Bxc4 Ne5 16. Be2 c4 17. Qd2 Re8 18. h5 e6 19. Bh6 Bh8 20. hxg6 fxg6 21. Kf1 exd5 22. exd5 b6 23. Kg2 Bb7 24. Rae1 Rac8 25. f4 Nf7 26. Bf3 Nxh6 27. Rxh6 Bg7 28. Rhh1 Qd7 29. f5 Rxe1 30. Rxe1 Be5 31. fxg6 hxg6 32. Qg5 Qg7 33. Rh1 Rf8 34. Qd2 Bxg3 0-1

[Event "Collado Villalba op-A 26th"]
[Site "Collado Villalba"]
[Date "2009.08.22"]
[Round "2"]
[White "Benitez Cadenas, Luis Miguel"]
[Black "Gordillo Lopez, Manuel"]
[Result "0-1"]
[WhiteElo "1754"]
[BlackElo "1988"]
[PlyCount "54"]
[EventDate "2009.08.21"]
[EventType "swiss"]
[EventRounds "9"]
[EventCountry "ESP"]
[SourceTitle "CBM 132 Extra"]
[Source "ChessBase"]
[SourceDate "2009.11.03"]
[SourceVersion "1"]
[SourceVersionDate "2009.11.03"]
[SourceQuality "1"]

1. Nf3 e6 2. b3 f5 3. Bb2 Nf6 4. e3 Be7 5. c4 0-0 6. d4 d5 7. cxd5 exd5 8. Bd3 c6 9. Ne5 Ne4 10. f3 Bb4+ 11. Ke2 Nd7 12. a3 Ba5 13. b4 Bb6 14. Nxd7 Bxd7 15. Nd2 Nd6 16. Qc2 Qg5 17. Rag1 Rad8 18. Nf1 Qh6 19. h3 f4 20. g4 fxe3 21. Rg3 Qh4 22. a4 Bc7 23. b5 Ne4 24. Bxe4 dxe4 25. bxc6 exf3+ 26. Rxf3 Rxf3 27. Kxf3 Bxc6+ 0-1

[Event "Collado Villalba op-A 25th"]
[Site "Collado Villalba"]
[Date "2008.08.22"]
[Round "1"]
[White "Roa Alonso, Santiago"]
[Black "Gordillo Lopez, Manuel"]
[Result "1-0"]
[WhiteElo "2465"]
[BlackElo "2022"]
[PlyCount "61"]
[EventDate "2008.08.22"]
[EventType "swiss"]
[EventRounds "9"]
[EventCountry "ESP"]
[SourceTitle "CBM 126 Extra"]
[Source "ChessBase"]
[SourceDate "2008.11.05"]
[SourceVersion "1"]
[SourceVersionDate "2008.11.05"]
[SourceQuality "1"]

1. e4 e6 2. d4 d5 3. Nc3 Bb4 4. e5 c5 5. a3 Bxc3+ 6. bxc3 Qc7 7. Nf3 b6 8. Bb5+ Bd7 9. a4 Bxb5 10. axb5 a5 11. 0-0 h6 12. dxc5 Qxc5 13. Nd4 Ne7 14. Ba3 Qc8 15. Qg4 g6 16. Qh4 Ra7 17. Bd6 Rh7 18. c4 dxc4 19. Ra4 Nd5 20. Bxb8 Qxb8 21. Nc6 Qa8 22. Nxa7 Qxa7 23. Rxc4 Qb8 24. Rd1 Kf8 25. Qd4 Kg7 26. Rc6 Rh8 27. c4 Nb4 28. Qf4 Rf8 29. Rxe6 Qc7 30. Qf6+ Kg8 31. Red6 1-0

[Event "NATO-ch 17th"]
[Site "Berkshire"]
[Date "2006.08.24"]
[Round "5"]
[White "Gordillo Lopez, Manuel"]
[Black "Bellardi, Michel"]
[Result "1-0"]
[WhiteElo "2129"]
[BlackElo "2039"]
[PlyCount "93"]
[EventDate "2006.08.21"]
[EventType "swiss"]
[EventRounds "7"]
[EventCountry "ENG"]
[SourceTitle "EXT 2007"]
[Source "ChessBase"]
[SourceDate "2006.11.23"]
[SourceVersion "1"]
[SourceVersionDate "2006.11.23"]
[SourceQuality "1"]

1. d4 d5 2. Bg5 c5 3. e3 Qb6 4. b3 Bf5 5. Bd3 Bxd3 6. Qxd3 e6 7. Nf3 c4 8. Qd1 cxb3 9. axb3 Nd7 10. 0-0 Ngf6 11. Qd3 Ne4 12. Bf4 Ndf6 13. Be5 Bd6 14. Na3 0-0 15. Rfb1 Rfc8 16. Bxd6 Qxd6 17. Nb5 Qb6 18. c4 a6 19. Nc3 Qb4 20. Na2 Qe7 21. c5 Ng4 22. Rb2 e5 23. Qf1 Ng5 24. Nh4 exd4 25. exd4 Qe4 26. Qe2 Qxd4 27. Rd1 Qf6 28. Rbd2 Nh6 29. g3 Re8 30. Qd3 Re5 31. Kg2 Ne4 32. f4 Rh5 33. Rc2 Nf5 34. Nxf5 Qxf5 35. Nb4 Re8 36. Nxd5 h6 37. Ne7+ Rxe7 38. Qd8+ Kh7 39. Qxe7 Qh3+ 40. Kf3 Nxc5 41. Rxc5 f5 42. Rh1 Qg4+ 43. Kf2 Qg6 44. Qe3 Qd6 45. Re5 Qc6 46. Qf3 Qc2+ 47. Qe2 1-0

[Event "Galapagar op 07th"]
[Site "Galapagar"]
[Date "2006.07.28"]
[Round "7"]
[White "Gordillo Lopez, Manuel"]
[Black "Castejon Caballero, Natalia"]
[Result "1-0"]
[WhiteElo "2129"]
[BlackElo "1995"]
[PlyCount "89"]
[EventDate "2006.07.22"]
[EventType "swiss"]
[EventRounds "7"]
[EventCountry "ESP"]
[SourceTitle "EXT 2007"]
[Source "ChessBase"]
[SourceDate "2006.11.23"]
[SourceVersion "1"]
[SourceVersionDate "2006.11.23"]
[SourceQuality "1"]

1. d4 d5 2. Bg5 c6 3. e3 h6 4. Bh4 Nd7 5. f4 Ngf6 6. Nd2 e6 7. Bd3 c5 8. c3 Be7 9. Nh3 c4 10. Bc2 b5 11. a3 a5 12. 0-0 Bb7 13. Bxf6 gxf6 14. f5 e5 15. e4 Qb6 16. Nb1 Rg8 17. Nf2 0-0-0 18. Qf3 Rg7 19. Rd1 Rdg8 20. g3 exd4 21. cxd4 Bd6 22. g4 h5 23. h3 hxg4 24. hxg4 Rxg4+ 25. Nxg4 Ne5 26. Qh3 Nxg4 27. Kf1 Bf4 28. Ke2 Ne3 29. Qh7 Rg2+ 30. Kf3 Qd6 31. Qh8+ Kc7 32. Nc3 dxe4+ 33. Bxe4 Bxe4+ 34. Nxe4 Qe7 35. Qa8 Kb6 36. Kxf4 Nxd1 37. Qb8+ Kc6 38. d5+ Kd7 39. Qa7+ Ke8 40. Qa8+ Kd7 41. Qc6+ Kd8 42. Qb6+ Ke8 43. Qb8+ Kd7 44. Qa7+ Ke8 45. Qxe7+ 1-0

[Event "Galapagar op 07th"]
[Site "Galapagar"]
[Date "2006.07.23"]
[Round "2"]
[White "Camarero Izquierdo, Juan Carlos"]
[Black "Gordillo Lopez, Manuel"]
[Result "1-0"]
[WhiteElo "1974"]
[BlackElo "2129"]
[PlyCount "37"]
[EventDate "2006.07.22"]
[EventType "swiss"]
[EventRounds "7"]
[EventCountry "ESP"]
[SourceTitle "EXT 2007"]
[Source "ChessBase"]
[SourceDate "2006.11.23"]
[SourceVersion "1"]
[SourceVersionDate "2006.11.23"]
[SourceQuality "1"]

1. e4 e6 2. d4 d5 3. e5 c5 4. c3 Qb6 5. Nf3 Nc6 6. a3 Nh6 7. Bd3 Bd7 8. 0-0 cxd4 9. cxd4 Nxd4 10. Nc3 Nhf5 11. b4 Qc7 12. Bb2 Nxf3+ 13. Qxf3 g6 14. Nb5 Qb6 15. Nc3 Be7 16. Nxd5 Bc6 17. Nxb6 Bxf3 18. Nxa8 Bc6 19. Nc7+ 1-0

[Event "Collado Villalba op 14th"]
[Site "Collado Villalba"]
[Date "1997.??.??"]
[Round "2"]
[White "Gordillo Lopez, Manuel"]
[Black "Hernandez Onna, Roman"]
[Result "0-1"]
[WhiteElo "2105"]
[BlackElo "2430"]
[PlyCount "64"]
[EventDate "1997.08.??"]
[EventType "swiss"]
[EventRounds "9"]
[EventCountry "ESP"]
[SourceTitle "EXT 1999"]
[Source "ChessBase"]
[SourceDate "1998.11.16"]
[SourceVersion "1"]
[SourceVersionDate "1998.11.16"]
[SourceQuality "1"]

1. d4 Nf6 2. Bg5 Ne4 3. Bf4 d5 4. f3 Nf6 5. Nd2 e6 6. c3 c5 7. e3 Nc6 8. Bd3 Bd6 9. Bxd6 Qxd6 10. f4 Bd7 11. Nh3 Ne7 12. Qe2 Qb6 13. Rb1 a6 14. Nf2 Bb5 15. 0-0 0-0 16. dxc5 Qxc5 17. Nb3 Bxd3 18. Nxd3 Qc4 19. Nd2 Qa4 20. h3 Nf5 21. Rfe1 Nd6 22. Qd1 Qb5 23. Nb3 Nfe4 24. Nd4 Qc4 25. a3 Rad8 26. Ne5 Qc7 27. Nef3 Nc4 28. Qd3 Qe7 29. h4 f6 30. Ne2 Qf7 31. g4 Qg6 32. g5 Nxg5 0-1